000 00576nam a22001932 4500
001 0000008791
005 20151217155835.0
008 080604s xx 000 0 eng d
020 _a0517228114 :
_cKES 1190
040 _aKABU
_cKABU
100 1 _aScott, Christina.
_@0000159531
245 1 0 _aNelson Mandela :
_ba force for freedom /
_cChristina Scott.
260 _aNew York :
_bGramercy Books,
_c2006.
300 _a160 p.
650 0 _aMandela, Nelson, 1918 -.
_@0000159494
908 _a080604
950 _@1
999 _c13123
_d13123